| 000 | 00827cai a22001815a 4500 | ||
|---|---|---|---|
| 001 | E147681 | ||
| 008 | 090604u xxk g 000 0 eng d | ||
| 035 | _a(Sirsi) u147681 | ||
| 041 | 0 | _aeng | |
| 110 | 2 | _aSISTech Ltd | |
| 245 | 0 | 0 |
_aScottish Institute of Sustainable Technology _h[electronic resource] |
| 520 | _aWebsite for SISTech, which is a research group jointly owned by Heriot Watt University and MWH UK Ltd, and which undertaked research in order to promote sustainability. Includes information on the work of SISTech, and current projects, as well as links to online publications. | ||
| 590 | _aKA | ||
| 651 | 4 |
_aScotland _y1999- |
|
| 690 | _aENVIRONMENTAL AND LAND CONSULTANCY-SUSTAINABILITY | ||
| 856 | 4 | 0 |
_uhttps://www.sistech.co.uk/index.htm _zView the website free of charge at www.sistech.co.uk... |
| 942 | _n0 | ||
| 999 |
_c120798 _d120798 |
||